Statystyki dla Stolice państw Ameryki południowej

Kliknij tutaj aby rozwiązać quiz!

Ogólne statystyki

  • Ten quiz został rozwiązany 9 razy
    (6 od ostatniego zresetowania)
  • Średni wynik to 9 z 13

Odpowiedzi na mapie

Odpowiedzi skodowane kolorowo w zielono-czerwonej skali na mapie do tego quizu, zgodnie z poniższymi procentami.
 

Statystyki odpowiedzi

Odpowiedź% Poprawnych
Bogota
100%
Brasilia
100%
Caracas
100%
Santiago
100%
Asuncion
80%
Buenos Aires
80%
Montevideo
80%
Georgetown
60%
La paz
60%
Lima
60%
Quito
60%
Sucre
40%
Paramaribo
20%

Rozkład punktacji

Percentyl według liczby udzielonych odpowiedzi

Procent ludzi z każdym wynikiem

Twoja historia wyników

Nie rozwiązałeś tego quizu od ostatniego zresetowania